| 000 | 00438pab a2200157 454500 | ||
|---|---|---|---|
| 008 | 180718b1999 xxu||||| |||| 00| 0 eng d | ||
| 100 | _aMooney, Christopher | ||
| 245 | _aMorality policy reinvention: state death penalties | ||
| 260 | _c1999 | ||
| 300 | _ap.80-92 | ||
| 362 | _aNov | ||
| 650 | _aPenal sanctions | ||
| 700 | _aLe, Mei-Hsien | ||
| 773 | _aAnnals of the American Academy of Political and Social Science | ||
| 909 | _a43726 | ||
| 999 |
_c43726 _d43726 |
||